00740nam a2200169Ia 4500001001000000003000500010008004100015010001100056040000900067100003700076245014900113260003500262300001000297502010900307650010100416710005300517Para_3190CHAP220125s1986 xx 000 0 und d a201652 cCHAP aPacheco Gómez, Román Octavio aNemátodos asociados al cultivo del jitomate (Lycopersicum esculentum Mill) en Tenextepango Mor., México /c Román Octavio Pacheco Gómez aChapingo, Méx. :b El autor a58 h. aTesis (Ing. Agr. Esp. en Parasitología Agrícola) -- UACh. Departamento de Parasitología Agrícola aTomate x Enfermedades por nemátodos Nemátodos x Parásitos de plantas Tomate x Morelos aUACh. Departamento de Parasitología Agrícola